<?xml version="1.0" encoding="UTF-8"?>
<record
    xmlns:xsi="http://www.w3.org/2001/XMLSchema-instance"
    xsi:schemaLocation="http://www.loc.gov/MARC21/slim http://www.loc.gov/standards/marcxml/schema/MARC21slim.xsd"
    xmlns="http://www.loc.gov/MARC21/slim">

  <leader>00574nam a2200205Ia 4500</leader>
  <controlfield tag="008">200830s9999||||xx |||||||||||||| ||und||</controlfield>
  <datafield tag="020" ind1=" " ind2=" ">
    <subfield code="a">7214175339</subfield>
  </datafield>
  <datafield tag="020" ind1=" " ind2=" ">
    <subfield code="a">9787214175335</subfield>
  </datafield>
  <datafield tag="041" ind1=" " ind2=" ">
    <subfield code="a">chi</subfield>
  </datafield>
  <datafield tag="050" ind1=" " ind2=" ">
    <subfield code="a">BL1840  </subfield>
    <subfield code="b">.L527 2018</subfield>
  </datafield>
  <datafield tag="100" ind1=" " ind2=" ">
    <subfield code="a">&#x674E;&#x7533;</subfield>
  </datafield>
  <datafield tag="245" ind1=" " ind2="0">
    <subfield code="a">&#x4E2D;&#x56FD;&#x5112;&#x6559;&#x53F2;:</subfield>
    <subfield code="b">&#x4E0B;&#x5377; /</subfield>
    <subfield code="c">&#x674E;&#x7533;</subfield>
  </datafield>
  <datafield tag="246" ind1=" " ind2=" ">
    <subfield code="a">&#x4E2D;&#x570B;&#x5112;&#x6559;&#x53F2;:</subfield>
    <subfield code="b">&#x4E0B;&#x5377;/</subfield>
  </datafield>
  <datafield tag="260" ind1=" " ind2=" ">
    <subfield code="a">&#x5357;&#x4EAC;: </subfield>
    <subfield code="b">&#x6C5F;&#x82CF;&#x4EBA;&#x6C11;&#x51FA;&#x7248;&#x793E;,</subfield>
    <subfield code="c">2018</subfield>
  </datafield>
  <datafield tag="300" ind1=" " ind2=" ">
    <subfield code="a">3 v. :</subfield>
    <subfield code="b">iIl, fac. ;&#xA0;</subfield>
    <subfield code="c">23 cm.</subfield>
  </datafield>
  <datafield tag="490" ind1=" " ind2=" ">
    <subfield code="a">&#x51E4;&#x51F0;&#x6587;&#x5E93;&#x5B97;&#x6559;&#x7814;&#x7A76;&#x7CFB;&#x5217;</subfield>
  </datafield>
  <datafield tag="650" ind1=" " ind2=" ">
    <subfield code="a">Confucianism -- China -- History.</subfield>
  </datafield>
  <datafield tag="949" ind1=" " ind2=" ">
    <subfield code="v">v.3</subfield>
  </datafield>
  <datafield tag="952" ind1=" " ind2=" ">
    <subfield code="0">0</subfield>
    <subfield code="1">0</subfield>
    <subfield code="4">0</subfield>
    <subfield code="7">0</subfield>
    <subfield code="a">GETS</subfield>
    <subfield code="b">GETS</subfield>
    <subfield code="c">GEN</subfield>
    <subfield code="d">2020-08-30</subfield>
    <subfield code="l">0</subfield>
    <subfield code="o">BL1840 .L527 2018 v.3</subfield>
    <subfield code="p">00011595</subfield>
    <subfield code="r">2020-08-30 00:00:00</subfield>
    <subfield code="w">2020-08-30</subfield>
    <subfield code="y">CB</subfield>
  </datafield>
  <datafield tag="999" ind1=" " ind2=" ">
    <subfield code="c">23798</subfield>
    <subfield code="d">23798</subfield>
  </datafield>
</record>
